000 00429nam a22001697a 4500
003 NUST - PNEC
005 20170116180921.0
008 150904b xxu||||| |||| 00| 0 eng d
020 _a27343795X
040 _cLIBRARY
082 _a604.2 PAR
100 _97800
_aParkinson, A.C.
245 _aGeneral engineering drawing
_cA.C. Parkinson
260 _cc.1968
650 _97804
_aMechnical engineering
_xME
942 _2ddc
_cBK
999 _c65633
_d65633